| 000 | 00781nab a2200253 4500 | ||
|---|---|---|---|
| 003 | BR-BrBNA | ||
| 005 | 20251228145132.0 | ||
| 008 | 251228b bl.||||| |||| 00| 0 por d | ||
| 040 |
_aBR-BrBNA _bpor |
||
| 072 |
_aF01 ; E70 _b0120 |
||
| 100 | _aPopov, Daniel | ||
| 245 |
_aO milho brilho, o lucro faltou _bAgroeconomia |
||
| 500 | _a3 illus. | ||
| 650 | _aMILHO | ||
| 650 | _aCOTAÇÃO | ||
| 650 | _aPREÇO | ||
| 650 | _aCOMERCIALIZAÇÃO | ||
| 650 | _aPECUÁRIA | ||
| 650 | _aBOVINOCULTURA | ||
| 650 | _aAVICULTURA | ||
| 773 | 0 |
_01706 _9348085 _dSão Paulo-SP Editora Três Ltda - E-mail: luizfsa@revistadinheiro.com.br 2004 _o2025-0578 _tDinheiro Rural (Brazil) _x1807-3700 _gv. 9(106) p. 26-28; (Jul 2013) _wBR2025005332 |
|
| 942 | _cANA | ||
| 999 |
_c339632 _d339632 |
||